Semi-rigid connections in steel frames : Council on Tall Buildings and Urban Habitat,Commitee 43

Enregistré dans:
Détails bibliographiques
Format: Livre
Langue:anglais
Publié: New York : McGraw-Hill, 1993
Tags: Ajouter un tag
Pas de tags, Soyez le premier à ajouter un tag!

MARC

LEADER 00000nam a22000003a 4500
001 stu30342
005 20141122061147.3
008 970514s1993----xxu-----------------eng-d
020 |a 0-07-012535-X 
040 |a STU  |b slo 
041 0 |a eng 
044 |a xxu 
080 |a 624.1 
245 |a Semi-rigid connections in steel frames :  |b Council on Tall Buildings and Urban Habitat,Commitee 43 
260 |a New York :  |b McGraw-Hill,  |c 1993 
300 |a 318 s 
996 |c V*44486/O-19389  |l VV9  |s P  |a 0  |w stu30342_0001